000 00765nam a2200253Ia 4500
003 OSt
005 20220928103616.0
006 a|||||r|||| 00| 0
007 ta
008 220927b |||||||| |||| 00| 0 eng d
020 _cUKP 24.99
024 _a144023
037 _b008, 10/02/2021, Classic Book Service
_cTextual
040 _aSDCL
_cSDCL
_beng
041 _2eng
_aeng
082 _aO-:g(J), R0
100 _aHumble Nicola
_9405534
245 0 _aLiterarture of food
_b An introduction from 1830 to present
260 _aUnited
_bKingdom Bloomsbury Academic
_c2020
300 _a2-288p.
_ccm.
650 _aEnglish
942 _hO-:g(J), R0
_cTEXL
_2CC
999 _c721169
_d721169